000 00471nam a2200169Ia 4500
008 240729s9999 xx 000 0 und d
022 _a1751-8636
245 0 _aIET Communications
260 _aUnited Kingdom
260 _bWiley
650 _a Electrical engineering. Electronics. Nuclear engineering
650 _a Telecommunication
650 _aTechnology
856 _uhttps://doaj.org/toc/1efddd8374d040a3a8dbf9ded04e2357
942 _2ddc
942 _cDOAJEJ
999 _c72514
_d72514
945 _a1
_bMadushi Gamage
_c1
_dMadushi Gamage